[Event "Crema op 16th"]
[Site "Crema"]
[Date "2015.09.06"]
[Round "5"]
[White "Maffeis, Fabio"]
[Black "Riboldi, Raffaele"]
[Result "0-1"]
[WhiteElo "1594"]
[BlackElo "1839"]
[PlyCount "46"]
[EventDate "2015.09.04"]
[EventType "swiss"]
[EventRounds "6"]
[EventCountry "ITA"]
[SourceTitle "EXT 2024"]
[Source "ChessBase"]
[SourceDate "2023.10.10"]
[SourceVersion "1"]
[SourceVersionDate "2023.10.10"]
[SourceQuality "1"]

1. d4 Nf6 2. c4 e6 3. Nf3 b6 4. g3 Bb7 5. Bg2 Be7 6. 0-0 d5 7. Nbd2 0-0 8. Qc2 Nbd7 9. a3 c5 10. dxc5 Nxc5 11. b4 Nce4 12. Nxe4 Nxe4 13. Nd2 Nxd2 14. Bxd2 Rc8 15. Rac1 Ba6 16. Qa4 Bxc4 17. Be3 a6 18. Rxc4 Rxc4 19. Qxa6 Rc2 20. Ra1 Bf6 21. Rb1 d4 22. Bc1 Qc7 23. Bb2 Rxb2 0-1

[Event "Treviglio Province-ch"]
[Site "Treviglio"]
[Date "2014.01.26"]
[Round "5"]
[White "Maffeis, Fabio"]
[Black "Guerini, Sara"]
[Result "0-1"]
[WhiteElo "1490"]
[BlackElo "1754"]
[PlyCount "54"]
[EventDate "2014.01.18"]
[EventType "swiss"]
[EventRounds "6"]
[EventCountry "ITA"]
[SourceTitle "EXT 2016"]
[Source "ChessBase"]
[SourceDate "2015.10.08"]
[SourceVersion "1"]
[SourceVersionDate "2015.10.08"]
[SourceQuality "1"]

1. d4 d5 2. c4 e6 3. Nf3 Nf6 4. Nc3 Nbd7 5. Bf4 c6 6. e3 Be7 7. Bd3 Nh5 8. Bg3 Nxg3 9. hxg3 h6 10. Qc2 Nf6 11. e4 dxe4 12. Nxe4 Nxe4 13. Bxe4 Bb4+ 14. Ke2 Qe7 15. Rhd1 Bd6 16. Ne5 Qf6 17. f4 0-0 18. Ng4 Qe7 19. Ne5 Qc7 20. c5 Bxe5 21. dxe5 Bd7 22. b4 Rfd8 23. Rd6 a5 24. Rb1 axb4 25. Rxb4 Qa5 26. Rxb7 Qa6+ 27. Qd3 Qxb7 0-1

[Event "Crema op 15th"]
[Site "Crema"]
[Date "2013.08.31"]
[Round "3"]
[White "Conti, Ferdinando"]
[Black "Maffeis, Fabio"]
[Result "1-0"]
[WhiteElo "1734"]
[BlackElo "1446"]
[PlyCount "125"]
[EventDate "2013.08.30"]
[EventType "swiss"]
[EventRounds "6"]
[EventCountry "ITA"]
[SourceTitle "EXT 2015"]
[Source "ChessBase"]
[SourceDate "2014.11.20"]
[SourceVersion "1"]
[SourceVersionDate "2014.11.20"]
[SourceQuality "1"]

1. Nf3 d5 2. b4 Nf6 3. Bb2 Bf5 4. e3 e6 5. a3 c5 6. b5 Nbd7 7. c4 Bd6 8. Nc3 Qc7 9. h3 0-0 10. d3 b6 11. Be2 Rad8 12. 0-0 dxc4 13. dxc4 Ne4 14. Qb3 Ndf6 15. Rad1 Be7 16. Qa2 g5 17. Qa1 Ne8 18. Nxe4 Bxe4 19. Rxd8 Bxd8 20. Be5 Qb7 21. Rd1 Bc7 22. Bxc7 Qxc7 23. Nxg5 Bg6 24. Qc3 Nd6 25. Qe5 Ne8 26. Qxc7 Nxc7 27. Rd7 Rc8 28. h4 h6 29. Nh3 e5 30. Re7 f6 31. g4 Kf8 32. Rd7 Bf7 33. Rd2 Be6 34. f4 Ke7 35. f5 Bf7 36. g5 fxg5 37. hxg5 hxg5 38. Bg4 Rd8 39. f6+ Ke8 40. Rxd8+ Kxd8 41. Be2 Ne6 42. Kh2 Bg6 43. Kg3 Ke8 44. Bg4 Kf7 45. Bxe6+ Kxe6 46. Nxg5+ Kxf6 47. Nf3 Bd3 48. Nd2 Kf5 49. Kf3 Kg5 50. e4 Kh4 51. Ke3 Bc2 52. Nf3+ Kg4 53. Nxe5+ Kg5 54. Nd7 Bd1 55. Nb8 Bg4 56. Nc6 Be6 57. Nxa7 Bxc4 58. a4 Bb3 59. a5 bxa5 60. b6 a4 61. b7 a3 62. b8Q a2 63. Qe5+ 1-0

[Event "Bergamo Province-ch"]
[Site "Bergamo"]
[Date "2013.01.27"]
[Round "6"]
[White "Rota, Gabriele"]
[Black "Maffeis, Fabio"]
[Result "1/2-1/2"]
[WhiteElo "1359"]
[BlackElo "1391"]
[PlyCount "103"]
[EventDate "2013.01.19"]
[EventType "swiss"]
[EventRounds "6"]
[EventCountry "ITA"]
[SourceTitle "EXT 2024"]
[Source "ChessBase"]
[SourceDate "2023.10.10"]
[SourceVersion "1"]
[SourceVersionDate "2023.10.10"]
[SourceQuality "1"]

1. e4 e5 2. f4 exf4 3. Nf3 d6 4. d4 f5 5. exf5 Bxf5 6. Qe2+ Be7 7. Bxf4 a6 8. Bg5 Nd7 9. Bxe7 Qxe7 10. Qxe7+ Nxe7 11. c4 0-0 12. Be2 Rae8 13. Nc3 Ng6 14. 0-0 Nf4 15. Nh4 Nxe2+ 16. Nxe2 Bd3 17. Rxf8+ Rxf8 18. Nc3 Bxc4 19. b3 Bf7 20. Re1 Re8 21. Rxe8+ Bxe8 22. Kf2 c5 23. dxc5 dxc5 24. Nf5 b6 25. Nd5 Bg6 26. Nfe7+ Kf7 27. Nc8 Bb1 28. Nc3 Bf5 29. Nd6+ Ke6 30. Ne8 Kf7 31. Nd6+ Kg6 32. Ke3 Ne5 33. Nxf5 Kxf5 34. h3 c4 35. Nd5 cxb3 36. axb3 Nc6 37. Nxb6 Na5 38. b4 Nc6 39. g4+ Ke6 40. Na4 Nxb4 41. Nc5+ Kd5 42. Nb3 Nc6 43. Nc1 g5 44. Kd3 a5 45. Ne2 Nb4+ 46. Kc3 Na6 47. Kb2 Kc4 48. Ng3 Nb4 49. Nh5 Nd3+ 50. Ka3 Nf2 51. Ka4 Nxh3 52. Nf6 1/2-1/2

[Event "Bergamo Province-ch"]
[Site "Bergamo"]
[Date "2013.01.26"]
[Round "4"]
[White "Maffeis, Fabio"]
[Black "Ferrari, Paolo"]
[Result "0-1"]
[WhiteElo "1391"]
[BlackElo "1717"]
[PlyCount "62"]
[EventDate "2013.01.19"]
[EventType "swiss"]
[EventRounds "6"]
[EventCountry "ITA"]
[SourceTitle "EXT 2024"]
[Source "ChessBase"]
[SourceDate "2023.10.10"]
[SourceVersion "1"]
[SourceVersionDate "2023.10.10"]
[SourceQuality "1"]

1. d4 Nf6 2. c4 e6 3. Nc3 d5 4. Nf3 Be7 5. Bf4 Nbd7 6. cxd5 exd5 7. Qc2 c6 8. e3 0-0 9. Bd3 Re8 10. Na4 Bb4+ 11. Nc3 Nf8 12. 0-0 Ng6 13. Bg3 Bg4 14. Qb3 Qe7 15. h3 Bxf3 16. gxf3 Nh5 17. Rfe1 Bxc3 18. bxc3 Nxg3 19. fxg3 Qg5 20. Kf2 Re7 21. Re2 h5 22. Rae1 h4 23. g4 Rae8 24. c4 Qf6 25. cxd5 Qd6 26. Rg1 cxd5 27. Rc2 Rxe3 28. Qxb7 Rxf3+ 29. Kxf3 Qf4+ 30. Kg2 Qg3+ 31. Kf1 Re1# 0-1